Central Library OPAC University of Rajshahi

Davidson's The biochemistry of the nucleic acids / (Record no. 11676)

MARC details
000 -LEADER
fixed length control field 01041cam a2200301 i 4500
001 - CONTROL NUMBER
control field 11676
003 - CONTROL NUMBER IDENTIFIER
rucl marc code BD-RjUL
005 - DATE AND TIME OF LATEST TRANSACTION
control field 20211208235150.0
008 - FIXED-LENGTH DATA ELEMENTS--GENERAL INFORMATION
fixed length control field 140127s1976 enkaf b 001 0 eng
020 ## - INTERNATIONAL STANDARD BOOK NUMBER
International Standard Book Number 041221380X :
-- 0412213907
035 ## - SYSTEM CONTROL NUMBER
System control number (BD-RjUL)11725
040 ## - CATALOGING SOURCE
Original cataloging agency DLC
Transcribing agency DLC
Modifying agency DLC
-- BD-RjUL
Language of cataloging eng
041 ## - LANGUAGE CODE
Language code of text/sound track or separate title eng
082 00 - DEWEY DECIMAL CLASSIFICATION NUMBER
Classification number 572.8
Author mark and year DAD 1976
100 1# - MAIN ENTRY--PERSONAL NAME
Personal name Davidson, J. N.
Fuller form of name (James Norman)
9 (RLIN) 33161
245 10 - TITLE STATEMENT
Title Davidson's The biochemistry of the nucleic acids /
Statement of responsibility, etc. J. N. Davidson
250 ## - EDITION STATEMENT
Edition statement 8th ed. /
260 ## - PUBLICATION, DISTRIBUTION, ETC. (IMPRINT)
Place of publication, distribution, etc. London :
Name of publisher, distributor, etc. Chapman and Hall,
Date of publication, distribution, etc. c1976.
300 ## - PHYSICAL DESCRIPTION
Pagination xii, 420 p., [4] leaves of plates :
Illustrations ill. ;
Size 22 cm.
500 ## - GENERAL NOTE
General note First-7th eds. published under title: The biochemistry of the nucleic acids.
504 ## - BIBLIOGRAPHY, ETC. NOTE
Bibliography, etc Includes bibliographical references and index.
650 #0 - SUBJECT ADDED ENTRY--TOPICAL TERM
Topical term or geographic name as entry element Nucleic acids.
9 (RLIN) 36116
700 1# - ADDED ENTRY--PERSONAL NAME
Personal name Adams, R. L. P.
Fuller form of name (Roger Lionel Poulter)
942 ## - ADDED ENTRY ELEMENTS (KOHA)
Source of classification or shelving scheme Dewey Decimal Classification
Koha item type Books
Holdings
Lost status Source of classification or shelving scheme Damaged status Not for loan Collection code Permanent Location Current Location Shelving location Date acquired Source of acquisition Cost, normal purchase price Total Checkouts Full call number Date last seen Copy number Koha item type
  Dewey Decimal Classification   Not For Loan Non-fiction Central Library, University of Rajshahi Central Library, University of Rajshahi Reading Room 19/12/1981 Helfers 11.50   572.8 DAD 1976 27/01/2014 C-1 Books
  Dewey Decimal Classification     Non-fiction Central Library, University of Rajshahi Central Library, University of Rajshahi   19/12/1981 Helfers 11.50   572.8 DAD 1976 27/09/2018 C-2 Books